ATP Journal slovenský odborný mesačník o priemyselnej automatizácii
Gespeichert in:
| Format: | Schriftenreihe |
|---|---|
| Sprache: | Slowakisch |
| Veröffentlicht: |
Bratislava
HMH
|
| Schlagworte: | |
| Tags: |
Keine Tags, Fügen Sie das erste Tag hinzu!
|
MARC
| LEADER | 00000nas1a2200000 4500 | ||
|---|---|---|---|
| 001 | s124964 | ||
| 005 | 20240209102452.7 | ||
| 022 | |a 1335-2237 | ||
| 022 | |a 1336-233X | ||
| 041 | 0 | |a slo | |
| 044 | |a SK | ||
| 245 | 1 | 0 | |a ATP Journal |b slovenský odborný mesačník o priemyselnej automatizácii |
| 264 | 1 | |a Bratislava |b HMH | |
| 610 | 2 | 0 | |a technológie informačné |
| 610 | 2 | 0 | |a priemysel |
| 610 | 2 | 0 | |a automatizácia riadenia |